Normal view
MARC view
Entry Personal Name
001 - CONTROL NUMBER
- control field: 12890
003 - CONTROL NUMBER IDENTIFIER
- control field: OSt
005 - DATE AND TIME OF LATEST TRANSACTION
- control field: 20190830113320.0
008 - FIXED-LENGTH DATA ELEMENTS
- fixed length control field: 190830|| aca||aabn | a|a d
040 ## - CATALOGING SOURCE
- Original cataloging agency: OSt
- Transcribing agency: OSt
100 ## - HEADING--PERSONAL NAME
- Personal name: Edited byHong, Wen; Kinam, Park
670 ## - SOURCE DATA FOUND
- Source citation: Work cat.: (OSt): Edited byHong, Wen; Kinam, Park, Oral Controlled Release Formulation Design and Drug Delivery: theory to practice, 2010
